000 00874cam a22002412 4500
001 0000000842
005 20151021151049.0
008 070221s xx 000 0 eng d
020 _a0851118453 :
_cKES 790
040 _aKABU
_cKABU
050 0 _aBS1625.3
_b.B34 1988
100 1 _aBaker, David W.
_@0000149182
245 1 0 _aNahum, Habakkuk and Zephaniah :
_ban introduction and commentary /
_cby David W. Baker.
260 _aLeicester :
_bInter Varsity Press,
_c1988.
300 _a121 p.
440 4 _aThe Tyndale Old Testament commentaries
_@0000149187
630 0 0 _aBible. O.T.
_pO.T.
_pNahum.
_xCritical studies.
_@0000159823
630 0 0 _aBible.
_pO.T.
_pHabakkuk.
_xCommentaries.
_@0000159824
630 0 0 _aBible.
_pO.T.
_pZephaniah.
_xCommentaries.
_@0000159825
908 _a070221
950 _@1
999 _c276
_d276